Flags With Stars on Them #4 - Statistics

General Stats
  • This quiz has been taken 34 times
  • The average score is 11 of 13
Answer Stats
Picture Answer % Correct
Brazil
100%
Israel
100%
Vietnam
96%
Malaysia
92%
Philippines
92%
Papua New Guinea
88%
Azerbaijan
85%
Burkina Faso
85%
Comoros
85%
Grenada
85%
Myanmar
85%
Jordan
81%
Mauritania
73%
No matching quizzes found
Score Distribution
Percent of People with Each Score
Percentile by Number Answered
Your Score History
You have not taken this quiz